Biggest Cities that Start with L - Statistics

General Stats
  • This quiz has been taken 183 times
  • The average score is 10 of 11
Answer Stats
Clue Answer % Correct
Capital of UK London
100%
Capital of Peru Lima
99%
Capital of Portugal Lisbon
99%
Largest City in Nigeria Lagos
98%
"The City of Angels" Los Angeles
97%
"The Sin City" Las Vegas
96%
One of the Bolivian Capitals La Paz
88%
2nd Largest city of Pakistan Lahore
86%
Capital of Angola Luanda
81%
Capital of Zambia Lusaka
70%
Largest city of Uttar Pradesh (India) Lucknow
45%
No matching quizzes found
Score Distribution
Percent of People with Each Score
Percentile by Number Answered
Your Score History
You have not taken this quiz